000 00416cam a2200169ua 4500
003 OSt
008 250528b |||||||| |||| 00| 0 eng d
020 _a0-471-07991-X
041 _aeng
082 _a624.17
_bNEA/AP
100 _aNeathery, Raymond F .
_95977
245 _aApplied strength of materials /
250 _a1 /
260 _aNew Jersey :
_bPrentice Hall Inc ,
_c1982.
300 _a419 ; .
942 _cBK
999 _c59
_d59